| 000 | 01547nam a22003857a 4500 | ||
|---|---|---|---|
| 001 | 0025406 | ||
| 003 | KOHA_MİRAKIL | ||
| 005 | 20260207002503.0 | ||
| 007 | ta | ||
| 008 | 101112b2016 tu |||gr||||#0|||1|tur | | ||
| 020 | _a9753625103 | ||
| 020 | _a | ||
| 020 | _c7,19 | ||
| 040 |
_aTR-BiSEU _btur _cTR-BiSEU _erda |
||
| 041 | 0 | _atur | |
| 044 | _ctu | ||
| 050 |
_aPL248.Y55 _bS48 2016 |
||
| 100 | 1 | _aYıldız, Ahmet Günbay. | |
| 245 | 1 |
_aSevdalar sözde kaldı/ _cAhmet Günbay Yıldız ; Ahmed Günbay Yıldız. |
|
| 250 | _a23. Baskı | ||
| 264 | 1 |
_aİstanbul : _bTimaş Yayınları _c2016 |
|
| 300 | _a309 sayfa; 20 cm. | ||
| 336 |
_ametin _btxt _2rdacontent |
||
| 337 |
_aaracısız _bn _2rdamedia |
||
| 338 |
_acilt _bnc _2rdacarrier |
||
| 490 | 1 |
_aTimaş Yayınları ; _v595. |
|
| 490 | 1 |
_aRoman dizisi ; _v82. |
|
| 505 | _aBir nesil Ahmet Günbay Yıldız'ın yüreklere tercüman olan ince ve hassas kaleminden dökülen romanlarla aşkı, çileyi, pişmanlığı, acıyı, kısacası tüm insani duyguları buram buram yaşadı. Bir sözde denildiği gibi 'Aşk ve ölüm büyük kalpleri avlarmış.' Onun diğer romanları gibi bu romanı da kalbimize aşkı ve sevdayı davet ediyor. Sevdaların sözde kalmaması için bu romanın sesini dinleyin ve onu da diğerleri gibi hemen yüreğinize işleyin. | ||
| 650 | 0 |
_aTurk romanı. _944879 |
|
| 650 | 0 |
_aTurkish fiction. _96661 |
|
| 830 | 1 |
_aTimaş Yayınları ; _v595. _99767 |
|
| 830 | 1 |
_aRoman dizisi ; _v82. _922627 |
|
| 907 | _aRoman | ||
| 942 |
_2lcc _cBK |
||
| 999 |
_c25355 _d25355 |
||